[Event "LYM - Open Maîtres"]
[Site "Lausanne - Casino de Montbenon"]
[Date "1999.05.13"]
[Round "3"]
[White "Sargissian, Gabriel"]
[Black "Kalinitschev, Sergei"]
[Result "1/2-1/2"]
[WhiteElo "2390"]
[BlackElo "2528"]
[PlyCount "96"]
[EventDate "2006.09.01"]
[SourceDate "2006.09.02"]

1. e4 c5 2. d3 d5 3. exd5 Nf6 4. Nf3 Nxd5 5. g3 Nc6 6. Bg2 Bg4 7. h3 Bh5 8. b3
e6 9. Bb2 Be7 10. Nbd2 Bf6 11. Qc1 Nc3 12. g4 Bg6 13. g5 Bd4 14. Nxd4 cxd4 15.
Bxc3 dxc3 16. Bxc6+ bxc6 17. Ne4 Bxe4 18. dxe4 Qd4 19. Qe3 O-O-O 20. O-O h6 21.
gxh6 Rxh6 22. Qxd4 Rxd4 23. Rad1 Rxd1 24. Rxd1 Rxh3 25. Kg2 Rh5 26. Rd3 Rc5 27.
Rg3 g5 28. Rf3 f5 29. exf5 exf5 30. Rg3 g4 31. Rd3 Kc7 32. Kg3 Ra5 33. Rxc3
Rxa2 34. Rc5 Kb6 35. Rxf5 Rxc2 36. Kxg4 Rb2 37. Rf3 a5 38. Kg3 Ra2 39. Re3 Ra3
40. Kf3 Kb5 41. Ke2 Ra2+ 42. Ke1 a4 43. bxa4+ Rxa4 44. Kd2 Ra2+ 45. Kc3 Rxf2
46. Re5+ c5 47. Re4 Rf3+ 48. Kc2 Rg3 1/2-1/2

[Event "LYM - Open Maîtres"]
[Site "Lausanne - Casino de Montbenon"]
[Date "1999.05.13"]
[Round "3"]
[White "Bonnet, Edouard"]
[Black "Hamzabegovic, Mersudi"]
[Result "0-1"]
[WhiteElo "1970"]
[BlackElo "2118"]
[PlyCount "56"]
[EventDate "2006.09.01"]
[SourceDate "2006.09.02"]

1. e4 e6 2. d4 d5 3. Nc3 dxe4 4. Nxe4 Bd7 5. Nf3 Bc6 6. Bd3 Nd7 7. O-O Ngf6 8.
Nxf6+ Nxf6 9. c3 Bxf3 10. Qxf3 c6 11. Re1 Be7 12. a4 O-O 13. a5 a6 14. Qh3 Re8
15. Bg5 g6 16. Re2 Nd7 17. Bd2 Bf6 18. b4 Bg7 19. Rae1 Nf8 20. f4 Qd7 21. Kh1
h5 22. Re3 Rad8 23. Rg3 Qd5 24. Rg5 Qa2 25. Re2 Rd5 26. f5 exf5 27. Rxe8 Qxd2
28. Bf1 Qxg5 0-1

[Event "LYM - Open Maîtres"]
[Site "Lausanne - Casino de Montbenon"]
[Date "1999.05.14"]
[Round "4"]
[White "Magem Badals, Jordi"]
[Black "Lukasiewicz, Grzegor"]
[Result "1-0"]
[WhiteElo "2557"]
[BlackElo "2365"]
[PlyCount "37"]
[EventDate "2006.09.01"]
[SourceDate "2006.09.02"]

1. e4 c5 2. Nf3 Nc6 3. Bb5 e6 4. c3 d6 5. d4 cxd4 6. cxd4 Bd7 7. Nc3 Be7 8. O-O
a6 9. Bd3 Nf6 10. Qe2 e5 11. d5 Nd4 12. Nxd4 exd4 13. Nb1 O-O 14. b3 Ng4 15.
Bb2 Ne5 16. Nd2 Qb6 17. Nc4 Qa7 18. Ba3 Bb5 19. Nxe5 1-0

[Event "LYM - Open Maîtres"]
[Site "Lausanne - Casino de Montbenon"]
[Date "1999.05.14"]
[Round "4"]
[White "Siegel, Georg"]
[Black "Zalposkis, Autonas"]
[Result "0-1"]
[WhiteElo "2483"]
[BlackElo "2358"]
[PlyCount "76"]
[EventDate "2006.09.01"]
[SourceDate "2006.09.02"]

1. d4 b5 2. e4 Bb7 3. Bxb5 Bxe4 4. Nf3 c6 5. Ba4 Qa5+ 6. Nc3 e6 7. O-O Bxf3 8.
Qxf3 Nf6 9. Bd2 Be7 10. Bb3 Qb6 11. Be3 d5 12. Qg3 O-O 13. f4 Qc7 14. Qf3 Nbd7
15. f5 Bd6 16. Qh3 exf5 17. Rxf5 Bxh2+ 18. Qxh2 Qxh2+ 19. Kxh2 Ng4+ 20. Kg3
Nxe3 21. Rf3 Rfe8 22. Nd1 Nxd1 23. Rxd1 Nb6 24. a4 a5 25. Rdd3 Re6 26. Rde3
Rae8 27. Rxe6 Rxe6 28. Rc3 Nd7 29. Rd3 Nf6 30. Kf3 Kf8 31. Ba2 h5 32. b4 axb4
33. Rb3 Ne4 34. Rxb4 Rg6 35. Bb3 Rg3+ 36. Kf4 Ke7 37. c4 g5+ 38. Ke5 Nd6 0-1

[Event "LYM - Open Maîtres"]
[Site "Lausanne - Casino de Montbenon"]
[Date "1999.05.14"]
[Round "4"]
[White "Conquest, Stuart"]
[Black "Cmiel, Thorsten"]
[Result "1-0"]
[WhiteElo "2488"]
[BlackElo "2260"]
[PlyCount "59"]
[EventDate "2006.09.01"]
[SourceDate "2006.09.02"]

1. d4 Nf6 2. c4 c5 3. d5 b5 4. Nd2 g6 5. e4 d6 6. cxb5 Bg7 7. Ne2 a6 8. Nc3 O-O
9. bxa6 e6 10. Bc4 exd5 11. Nxd5 Ng4 12. O-O Nc6 13. Be2 Nf6 14. Nc4 Bxa6 15.
Bg5 Nd4 16. Bd3 Ne6 17. Bh4 g5 18. Bg3 Nxe4 19. Bxe4 Bxc4 20. Bxh7+ Kxh7 21.
Qc2+ Kg8 22. Qxc4 Bxb2 23. Rab1 Bd4 24. Rb7 Qa5 25. Ne7+ Kh7 26. Qd3+ Kh8 27.
Bxd6 Qa6 28. Qh3+ Kg7 29. Nf5+ Kf6 30. Qh6+ 1-0

[Event "LYM - Open Maîtres"]
[Site "Lausanne - Casino de Montbenon"]
[Date "1999.05.14"]
[Round "4"]
[White "Ekstroem, Roland"]
[Black "Jacot, Laurent"]
[Result "1-0"]
[WhiteElo "2498"]
[BlackElo "2250"]
[PlyCount "65"]
[EventDate "2006.09.01"]
[SourceDate "2006.09.02"]

1. d4 d5 2. c4 c6 3. Nf3 Nf6 4. Qc2 Nbd7 5. cxd5 Nxd5 6. e4 N5f6 7. e5 Nd5 8.
e6 N7f6 9. exf7+ Kxf7 10. Bc4 g6 11. O-O Bf5 12. Qe2 Kg7 13. Ne5 h5 14. Nc3 e6
15. Bg5 Be7 16. Rad1 Ng4 17. Bxe7 Qxe7 18. Rfe1 Raf8 19. Qd2 Nxe5 20. Rxe5 Qf6
21. Rde1 Rd8 22. Bxd5 cxd5 23. Ne2 Rd6 24. Rc1 Rhd8 25. Nf4 R8d7 26. Qe3 h4 27.
Rc8 Qf7 28. h3 a6 29. Kh2 Rc7 30. Rxf5 gxf5 31. Qe5+ Kh6 32. Rh8+ Kg5 33. Qxd6
1-0

[Event "LYM - Open Maîtres"]
[Site "Lausanne - Casino de Montbenon"]
[Date "199.05.14"]
[Round "4"]
[White "Kalinitschev, Sergei"]
[Black "Boog, Alexandre"]
[Result "1-0"]
[WhiteElo "2528"]
[BlackElo "2285"]
[PlyCount "69"]
[EventDate "2006.09.01"]
[SourceDate "2006.09.02"]

1. d4 Nc6 2. Nf3 d5 3. g3 Bg4 4. Bg2 Qd7 5. h3 Bh5 6. O-O e6 7. c4 Nge7 8. cxd5
exd5 9. Nc3 Bxf3 10. Bxf3 f5 11. b4 Nd8 12. b5 Ne6 13. Ba3 c6 14. bxc6 bxc6 15.
e3 Nc8 16. Bxf8 Rxf8 17. Rc1 Rf6 18. Bg2 Kf7 19. Qa4 Ne7 20. Rc2 Rb8 21. Rfc1
Rb7 22. Nd1 f4 23. exf4 g5 24. fxg5 Nxg5 25. h4 Nf3+ 26. Bxf3 Rxf3 27. Qa6 Rb4
28. Qe2 Qg4 29. Ne3 Qe4 30. Rd2 a5 31. Re1 h5 32. Qd1 Rb7 33. Nc4 Qxe1+ 34.
Qxe1 dxc4 35. Qe2 1-0

[Event "LYM - Open Maîtres"]
[Site "Lausanne - Casino de Montbenon"]
[Date "1999.05.14"]
[Round "4"]
[White "Prié, Eric"]
[Black "Kveinys, Aloyzas"]
[Result "1-0"]
[WhiteElo "2467"]
[BlackElo "2502"]
[PlyCount "95"]
[EventDate "2006.09.01"]
[SourceDate "2006.09.02"]

1. e4 c5 2. Nf3 e6 3. d4 cxd4 4. Nxd4 a6 5. Bd3 Bc5 6. Nb3 Be7 7. Qg4 g6 8. Qe2
d6 9. O-O Nd7 10. Nc3 Qc7 11. Be3 Ngf6 12. Bh6 Ne5 13. f4 Neg4 14. Bg7 Rg8 15.
Bxf6 Nxf6 16. e5 Nd7 17. Rae1 d5 18. f5 Nc5 19. fxg6 hxg6 20. Kh1 Nxb3 21. axb3
Rg7 22. Rf3 Kf8 23. Qe3 Kg8 24. Rh3 Rh7 25. Rxh7 Kxh7 26. Rf1 Bf8 27. Qf3 Bg7
28. Qxf7 Qxf7 29. Rxf7 Kh6 30. h4 Bxe5 31. g4 Bg3 32. Rf6 Kg7 33. Rxg6+ Kf7 34.
Rh6 Ke7 35. Na4 b5 36. Nb6 Rb8 37. Nxc8+ Rxc8 38. Kg2 Be5 39. Rxe6+ Kxe6 40.
Bf5+ Kf6 41. Bxc8 Bxb2 42. Bxa6 b4 43. g5+ Kf5 44. Kf3 Bc1 45. Bd3+ Ke5 46. Kg4
Be3 47. h5 Ke6 48. h6 1-0

[Event "LYM - Open Maîtres"]
[Site "Lausanne - Casino de Montbenon"]
[Date "1999.05.14"]
[Round "4"]
[White "Epishin, Vladimir"]
[Black "Hebden, Mark"]
[Result "1/2-1/2"]
[WhiteElo "2578"]
[BlackElo "2556"]
[PlyCount "75"]
[EventDate "2006.09.01"]
[SourceDate "2006.09.02"]

1. d4 Nf6 2. c4 g6 3. Nc3 Bg7 4. e4 d6 5. Nf3 O-O 6. Be2 e5 7. O-O Nc6 8. d5
Ne7 9. b4 Kh8 10. a4 Nh5 11. a5 Ng8 12. c5 f5 13. Ra3 Nf4 14. Bxf4 exf4 15.
exf5 Bxf5 16. Nd4 dxc5 17. bxc5 Qe7 18. d6 Qe5 19. Ncb5 Bd7 20. dxc7 Qxc5 21.
Rc3 Qe7 22. Rc1 a6 23. Nc3 Qe5 24. Bf3 Qxc7 25. Na4 Qe5 26. Nc5 Rad8 27. Nxb7
Qxd4 28. Nxd8 Rxd8 29. Qxd4 Bxd4 30. Rfd1 Bb5 31. Rd2 Ne7 32. Rcd1 Nf5 33. Be4
Ba4 34. Rc1 Rd7 35. h3 Be5 36. Rxd7 Bxd7 37. Rc5 Bd6 38. Bxf5 1/2-1/2

[Event "LYM - Open Maîtres"]
[Site "Lausanne - Casino de Montbenon"]
[Date "1999.05.14"]
[Round "4"]
[White "Janssen, Ruud"]
[Black "De la Riva, Oscar"]
[Result "1/2-1/2"]
[WhiteElo "2445"]
[BlackElo "2495"]
[PlyCount "77"]
[EventDate "2006.09.01"]
[SourceDate "2006.09.02"]

1. Nf3 f5 2. g3 Nf6 3. Bg2 d6 4. d4 g6 5. O-O Bg7 6. c4 O-O 7. Nc3 Nc6 8. d5
Ne5 9. Nxe5 dxe5 10. Qb3 h6 11. c5 Kh8 12. Rd1 a6 13. Bd2 Qe8 14. Be1 Rb8 15.
Rac1 g5 16. Qa3 e4 17. Qa5 b6 18. Qa3 b5 19. Qa5 c6 20. dxc6 Qxc6 21. e3 f4 22.
Rd8 Bg4 23. Rxf8+ Rxf8 24. exf4 gxf4 25. Qb6 Qxb6 26. cxb6 f3 27. Bf1 Rb8 28.
a4 Rxb6 29. axb5 axb5 30. Bxb5 Nd5 31. Nxd5 Rxb5 32. Ne3 Be6 33. Bc3 Kg8 34.
Bxg7 Kxg7 35. Rc2 Bh3 36. Rd2 Kf7 37. Nd5 Ra5 38. Rd1 Rb5 39. Rd2 1/2-1/2

[Event "LYM - Open Maîtres"]
[Site "Lausanne - Casino de Montbenon"]
[Date "1999.05.14"]
[Round "4"]
[White "Huss, Andreas"]
[Black "Tukmakov, Vladimir"]
[Result "0-1"]
[WhiteElo "2380"]
[BlackElo "2581"]
[PlyCount "80"]
[EventDate "2006.09.01"]
[SourceDate "2006.09.02"]

1. d4 Nf6 2. Nf3 e6 3. c4 b6 4. Nc3 Bb7 5. a3 g6 6. d5 Bg7 7. g3 O-O 8. Bg2 c6
9. d6 c5 10. Qd3 Nc6 11. O-O Ng4 12. Bf4 e5 13. Bg5 f6 14. h3 Nh6 15. Bxh6 Bxh6
16. h4 Kh8 17. h5 f5 18. hxg6 e4 19. Nxe4 fxe4 20. Qxe4 Qe8 21. Nh4 Qxe4 22.
Bxe4 Rae8 23. f3 Bg5 24. gxh7 Bxh4 25. gxh4 Nd8 26. Bd3 Nf7 27. b4 Ne5 28. bxc5
Nxd3 29. exd3 bxc5 30. Rae1 Rxe1 31. Rxe1 Bc6 32. Re5 Rxf3 33. Rxc5 Rxd3 34.
Ra5 Rd4 35. c5 Rxh4 36. Rxa7 Kxh7 37. Kf2 Kg6 38. Ke3 Kf5 39. Kd3 Ke5 40. Kc3
Kd5 0-1

[Event "LYM - Open Maîtres"]
[Site "Lausanne - Casino de Montbenon"]
[Date "1999.05.14"]
[Round "4"]
[White "Sonnberger, Reinhard"]
[Black "Gallagher, Joseph"]
[Result "0-1"]
[WhiteElo "2284"]
[BlackElo "2519"]
[PlyCount "58"]
[EventDate "2006.09.01"]
[SourceDate "2006.09.02"]

1. e4 c5 2. Nf3 d6 3. d4 cxd4 4. Nxd4 Nf6 5. Nc3 a6 6. Be2 e5 7. Nb3 Be7 8. a4
O-O 9. O-O Be6 10. Bf3 Nbd7 11. a5 Rc8 12. Be3 Qc7 13. Nc1 Ra8 14. Nd3 b6 15.
axb6 Nxb6 16. Na4 Nxa4 17. Rxa4 a5 18. b4 axb4 19. Rxb4 d5 20. exd5 Nxd5 21.
Bxd5 Bxd5 22. Rb1 Rab8 23. Rxb8 Rxb8 24. Qa1 Bd6 25. Qa7 Qxc2 26. Qd7 Rb1 27.
Qd8+ Bf8 28. Ne1 Qe2 29. h3 Rxe1 0-1

[Event "LYM - Open Maîtres"]
[Site "Lausanne - Casino de Montbenon"]
[Date "1999.05.14"]
[Round "4"]
[White "Pikula, Dejan"]
[Black "Grigore, Georg-Gabriel"]
[Result "0-1"]
[WhiteElo "2456"]
[BlackElo "2528"]
[PlyCount "120"]
[EventDate "2006.09.01"]
[SourceDate "2006.09.02"]

1. e4 c5 2. Nf3 Nc6 3. d4 cxd4 4. Nxd4 e5 5. Nb5 d6 6. N1c3 a6 7. Na3 Be6 8.
Nd5 Nf6 9. Nxf6+ Qxf6 10. Nc4 Qg6 11. Ne3 Qxe4 12. Bd3 Qh4 13. O-O d5 14. f4
Bc5 15. f5 Bd7 16. Kh1 Bxe3 17. Bxe3 Qe7 18. Qh5 O-O-O 19. c3 f6 20. b4 d4 21.
cxd4 Nxb4 22. Rfc1+ Bc6 23. Bf1 exd4 24. Bf4 d3 25. Re1 Qd7 26. Rad1 Qd4 27.
Bg3 Rhe8 28. Qf7 Qd7 29. Qc4 Rxe1 30. Rxe1 Nd5 31. Qxd3 Re8 32. Re6 Nc7 33.
Rxe8+ Nxe8 34. Qc2 Qd4 35. Qc1 Qe4 36. Kg1 Qxf5 37. Bxa6 Qd5 38. Bf1 Qxa2 39.
h4 Qd5 40. Kh2 Qe4 41. Qd2 h6 42. Qa2 g5 43. hxg5 hxg5 44. Qg8 Kd7 45. Qf7+ Qe7
46. Qc4 Qe6 47. Qd4+ Qd5 48. Qc3 f5 49. Qh8 f4 50. Bf2 g4 51. Qh7+ Kc8 52. Bb6
Qe5 53. Kg1 f3 54. Qh4 Nf6 55. gxf3 Bxf3 56. Bf2 Ne4 57. Be1 Qc5+ 58. Kh2 Qe5+
59. Kg1 Qa1 60. Bc4 Qd4+ 0-1

[Event "LYM - Open Maîtres"]
[Site "Lausanne - Casino de Montbenon"]
[Date "1999.05.14"]
[Round "4"]
[White "Rainfray, Arnaud"]
[Black "Sokolov, Andrei"]
[Result "1-0"]
[WhiteElo "2322"]
[BlackElo "2567"]
[PlyCount "87"]
[EventDate "2006.09.01"]
[SourceDate "2006.09.02"]

1. e4 c5 2. Nf3 d6 3. Bb5+ Nd7 4. d4 cxd4 5. Qxd4 a6 6. Bxd7+ Bxd7 7. Nc3 e5 8.
Qd3 h6 9. O-O Nf6 10. a4 Rc8 11. Re1 Be7 12. Nd2 O-O 13. Nc4 Be6 14. Ne3 Qa5
15. Rd1 Rfd8 16. Bd2 Qc5 17. Be1 g6 18. a5 Qc6 19. f3 Kg7 20. Bf2 Rd7 21. Ncd5
Bxd5 22. exd5 Qc7 23. Ra4 Re8 24. Nc4 Qb8 25. Nb6 Rc7 26. c4 Bd8 27. Re1 Rce7
28. b4 Bc7 29. Raa1 Qd8 30. Rad1 e4 31. fxe4 Nxe4 32. Bd4+ Kh7 33. Rf1 f5 34.
Qh3 Ng5 35. Qb3 Re2 36. c5 dxc5 37. bxc5 R8e4 38. d6 Ne6 39. dxc7 Qg5 40. Qg3
Qxg3 41. hxg3 Nxc7 42. Bf2 Kg7 43. Rd7+ Re7 44. Rfd1 1-0

[Event "LYM - Open Maîtres"]
[Site "Lausanne - Casino de Montbenon"]
[Date "1999.05.14"]
[Round "4"]
[White "Pavlovic, Milos"]
[Black "Grabliauskas, Virginijus"]
[Result "1/2-1/2"]
[WhiteElo "2525"]
[BlackElo "2455"]
[PlyCount "64"]
[EventDate "2006.09.01"]
[SourceDate "2006.09.02"]

1. Nf3 Nf6 2. g3 b5 3. Bg2 Bb7 4. O-O e6 5. d4 c5 6. c3 Qb6 7. a4 bxa4 8. Qxa4
cxd4 9. Qxd4 Bc5 10. Qh4 Ne4 11. Ne5 f5 12. Na3 Bd5 13. Be3 Nc6 14. Nxc6 Bxc6
15. Nc4 Qc7 16. Bxc5 Nxc5 17. Bxc6 dxc6 18. Qh5+ Ke7 19. Qg5+ Kf7 20. Qe3 Ne4
21. Ra6 Rhd8 22. Rxc6 Qe7 23. Ra1 a5 24. f3 Nf6 25. Qc5 Qxc5+ 26. Rxc5 a4 27.
Ra5 Rxa5 28. Nxa5 Rd2 29. Kf2 Rxb2 30. Rxa4 Nd5 31. Rc4 Rc2 32. Nc6 Rxc3
1/2-1/2

[Event "LYM - Open Maîtres"]
[Site "Lausanne - Casino de Montbenon"]
[Date "1999.05.14"]
[Round "4"]
[White "Lazarev, Vladimir"]
[Black "Metz, Hartmut"]
[Result "1/2-1/2"]
[WhiteElo "2514"]
[BlackElo "2271"]
[PlyCount "157"]
[EventDate "2006.09.01"]
[SourceDate "2006.09.02"]

1. d4 c6 2. c4 d5 3. Nf3 Nf6 4. Nc3 a6 5. c5 Nbd7 6. Bf4 Nh5 7. Be3 g6 8. h3
Bg7 9. g4 Nhf6 10. Bg2 O-O 11. Qd2 b6 12. cxb6 a5 13. b3 Nxb6 14. Ne5 Bb7 15.
Rc1 Nfd7 16. Nd3 a4 17. Bh6 axb3 18. axb3 e6 19. Bxg7 Kxg7 20. O-O Qf6 21. e3
Qe7 22. f4 Ba6 23. e4 dxe4 24. Nxe4 Rfc8 25. f5 exf5 26. gxf5 Nd5 27. Kh1 Bxd3
28. Qxd3 Qh4 29. Qf3 N7f6 30. fxg6 hxg6 31. Nxf6 Qxf6 32. Qxf6+ Nxf6 33. Rxc6
Rxc6 34. Bxc6 Rb8 35. Rf3 Ng8 36. Bd5 f5 37. Rc3 Nf6 38. Bc6 Rb4 39. Rd3 Ne4
40. Kg2 Kf6 41. Bd5 Nd6 42. Kf3 g5 43. Ke2 Rb5 44. Bf3 Rb4 45. Bd5 Rb5 46. Bc4
Rb4 47. Bg8 Rb8 48. Bc4 Rb4 49. Rc3 Nb5 50. Bxb5 Rxb5 51. Kd3 Ke6 52. Kc4 Rb8
53. Re3+ Kd6 54. Re5 Rc8+ 55. Rc5 Rf8 56. b4 Ke6 57. b5 f4 58. Rxg5 f3 59. Rg1
Rc8+ 60. Kb4 Kd5 61. b6 Kxd4 62. Kb5 Rc2 63. b7 Rb2+ 64. Kc6 Rc2+ 65. Kd7 Rb2
66. Kc8 Rc2+ 67. Kb8 f2 68. Rb1 Rb2 69. Ra1 Ra2 70. Rd1+ Ke3 71. h4 Re2 72. Rf1
Re1 73. Rxf2 Kxf2 74. h5 Rh1 75. Kc7 Rc1+ 76. Kd6 Rb1 77. Kc6 Rc1+ 78. Kd7 Rb1
79. Kc8 1/2-1/2

[Event "LYM - Open Maîtres"]
[Site "Lausanne - Casino de Montbenon"]
[Date "1999.05.14"]
[Round "4"]
[White "Sakalauskas, Vaidas"]
[Black "Raeber, Markus"]
[Result "1-0"]
[WhiteElo "2450"]
[BlackElo "2243"]
[PlyCount "113"]
[EventDate "2006.09.01"]
[SourceDate "2006.09.02"]

1. d4 Nf6 2. c4 g6 3. Nc3 Bg7 4. e4 d6 5. Be2 O-O 6. Nf3 Bg4 7. Be3 Nfd7 8. Ng1
Bxe2 9. Ngxe2 a5 10. O-O Nc6 11. Rc1 e6 12. Qd2 Nb6 13. b3 d5 14. exd5 exd5 15.
Nb5 Qd7 16. c5 Nc8 17. Bf4 N8a7 18. Nec3 Nxb5 19. Nxb5 Rac8 20. Rfe1 Nb4 21. a4
Nc6 22. h3 h5 23. Rcd1 Kh7 24. Qc3 Rfe8 25. Rxe8 Rxe8 26. Bxc7 Re2 27. Bf4 Qf5
28. Qf3 Qc2 29. Rc1 Qb2 30. Be3 Kg8 31. Rd1 Qc2 32. Rf1 Ne7 33. Nc3 Qxc3 34.
Qxe2 Nf5 35. Qb5 Bxd4 36. Bxd4 Nxd4 37. Qe8+ Kg7 38. Qe5+ Kg8 39. Qxd5 Nxb3 40.
Qxb7 Nxc5 41. Qb5 Qd4 42. Rc1 Nd3 43. Rf1 Nc5 44. Qxa5 Nxa4 45. Rc1 Kh7 46. Qc7
Qf6 47. Rc6 Qf5 48. Ra6 Nb2 49. Qd8 Qb1+ 50. Kh2 Qe1 51. Qf6 Qe8 52. Qxb2 h4
53. Qf6 Qb8+ 54. Rd6 Qc7 55. Qxh4+ Kg7 56. Qf6+ Kh7 57. g3 1-0

[Event "LYM - Open Maîtres"]
[Site "Lausanne - Casino de Montbenon"]
[Date "1999.05.14"]
[Round "4"]
[White "Schlichtmann, Gisbert"]
[Black "Ortega, Lexy"]
[Result "0-1"]
[WhiteElo "2217"]
[BlackElo "2485"]
[PlyCount "92"]
[EventDate "2006.09.01"]
[SourceDate "2006.09.02"]

1. c4 e6 2. Nc3 d5 3. d4 c6 4. e3 Nf6 5. Nf3 Nbd7 6. Qc2 Bd6 7. Bd3 O-O 8. O-O
dxc4 9. Bxc4 Qe7 10. a3 e5 11. Ba2 e4 12. Ng5 Bxh2+ 13. Kh1 Bb8 14. g3 h5 15.
Kg2 g6 16. Bd2 Kg7 17. f3 Nd5 18. Ngxe4 N7b6 19. Nxd5 cxd5 20. Bb4 Qd8 21.
Bxf8+ Qxf8 22. Nc3 Qd6 23. Ne2 Qe6 24. Kf2 Qf6 25. Rh1 Bd7 26. Rag1 Bd6 27. Nf4
Bxf4 28. gxf4 Bf5 29. Qd2 h4 30. Rg5 h3 31. b3 Rh8 32. Bb1 Bxb1 33. Rxb1 Nc8
34. Qa5 Ne7 35. Qc7 Rc8 36. Qe5 Nf5 37. Ke2 Qxe5 38. fxe5 Rc2+ 39. Kd3 Rf2 40.
e4 Rxf3+ 41. Ke2 dxe4 42. e6 fxe6 43. Rbg1 h2 44. Rh1 Rg3 45. Rxf5 gxf5 46.
Rxh2 Rxb3 0-1

[Event "LYM - Open Maîtres"]
[Site "Lausanne - Casino de Montbenon"]
[Date "1999.05.14"]
[Round "5"]
[White "Meijers, Viesturs"]
[Black "Abergel, Thal"]
[Result "1-0"]
[WhiteElo "2418"]
[BlackElo "2221"]
[PlyCount "61"]
[EventDate "2006.09.01"]
[SourceDate "2006.09.02"]

1. e4 c5 2. Nf3 d6 3. d4 cxd4 4. Nxd4 Nf6 5. Nc3 a6 6. Be3 e6 7. Qf3 Qc7 8.
O-O-O Nbd7 9. Qh3 Nc5 10. f3 b5 11. a3 Be7 12. g4 O-O 13. g5 Nfd7 14. Qg3 Rb8
15. h4 Na4 16. Nxa4 bxa4 17. Bd2 Ne5 18. Bc3 d5 19. Nf5 Bxa3 20. Nh6+ Kh8 21.
Qxe5 Qxe5 22. Bxe5 Bxb2+ 23. Bxb2 Rb7 24. Ng4 Bd7 25. Ne5 Bb5 26. Bxb5 axb5 27.
exd5 exd5 28. Rxd5 b4 29. Rhd1 a3 30. Ba1 b3 31. cxb3 1-0

[Event "LYM - Open Maîtres"]
[Site "Lausanne - Casino de Montbenon"]
[Date "1999.05.14"]
[Round "5"]
[White "Seul, Georg"]
[Black "Loetscher, Roland"]
[Result "1-0"]
[WhiteElo "2441"]
[BlackElo "2241"]
[PlyCount "51"]
[EventDate "2006.09.01"]
[SourceDate "2006.09.02"]

1. e4 c5 2. d3 Nc6 3. f4 g6 4. Nf3 Bg7 5. g3 d6 6. Bg2 e6 7. O-O Nge7 8. c3 O-O
9. Na3 Rb8 10. Nc2 b5 11. a3 b4 12. axb4 cxb4 13. c4 a5 14. Kh1 Qc7 15. g4 f5
16. gxf5 exf5 17. Qe2 fxe4 18. dxe4 Bg4 19. Qd3 Rbe8 20. Nfd4 Nxd4 21. Nxd4
Bxd4 22. Qxd4 Be2 23. b3 Bxf1 24. Bb2 Bxg2+ 25. Kxg2 Nd5 26. Qh8+ 1-0

[Event "LYM - Open Maîtres"]
[Site "Lausanne - Casino de Montbenon"]
[Date "1999.05.14"]
[Round "5"]
[White "Kengis, Edvins"]
[Black "Sakalauskas, Vaidas"]
[Result "1-0"]
[WhiteElo "2571"]
[BlackElo "2450"]
[PlyCount "51"]
[EventDate "2006.09.01"]
[SourceDate "2006.09.02"]

1. b3 e5 2. Bb2 Nc6 3. e3 Nf6 4. c4 g6 5. Nf3 d6 6. d3 Bg7 7. Nbd2 O-O 8. a3
Re8 9. Qc2 Bf5 10. Ne4 Nxe4 11. dxe4 Be6 12. h4 Ne7 13. O-O-O Bg4 14. c5 Qb8
15. Bc4 Bxf3 16. gxf3 dxc5 17. Be2 b6 18. h5 Qb7 19. hxg6 hxg6 20. f4 exf4 21.
Bxg7 Kxg7 22. Qc3+ f6 23. e5 Rf8 24. exf6+ Rxf6 25. Rh7+ Kxh7 26. Qxf6 1-0

[Event "LYM - Open Maîtres"]
[Site "Lausanne - Casino de Montbenon"]
[Date "1999.05.14"]
[Round "5"]
[White "Fressinet, Laurent"]
[Black "Kalinitschev, Sergei"]
[Result "1/2-1/2"]
[WhiteElo "2424"]
[BlackElo "2528"]
[PlyCount "58"]
[EventDate "2006.09.01"]
[SourceDate "2006.09.02"]

1. e4 c5 2. Nf3 Nc6 3. Nc3 e5 4. Bc4 Be7 5. d3 d6 6. Nd2 Bg5 7. h4 Bh6 8. Qh5
g6 9. Qd1 Be6 10. h5 Nf6 11. Bxe6 fxe6 12. hxg6 hxg6 13. Nc4 Bg7 14. Rxh8+ Bxh8
15. f4 exf4 16. Bxf4 Nh5 17. Qg4 Nxf4 18. Qxf4 Ne5 19. Nb5 Nxc4 20. dxc4 Be5
21. Qg4 Kf7 22. O-O-O Qf6 23. c3 Rd8 24. Nxa7 Bxc3 25. bxc3 Qxc3+ 26. Kb1 Qb4+
27. Ka1 Qc3+ 28. Kb1 Qb4+ 29. Ka1 Qc3+ 1/2-1/2

[Event "LYM - Open Maîtres"]
[Site "Lausanne - Casino de Montbenon"]
[Date "1999.05.14"]
[Round "5"]
[White "Metz, Hartmut"]
[Black "Pikula, Dejan"]
[Result "0-1"]
[WhiteElo "2271"]
[BlackElo "2456"]
[PlyCount "60"]
[EventDate "2006.09.01"]
[SourceDate "2006.09.02"]

1. e4 c5 2. Nf3 e6 3. d4 cxd4 4. Nxd4 a6 5. Nc3 b5 6. Bd3 Qb6 7. Nf3 Bb7 8. O-O
Qc7 9. Re1 d6 10. a4 b4 11. Ne2 Nf6 12. Ned4 Nbd7 13. Nb3 Be7 14. Bd2 d5 15.
exd5 Bxd5 16. Nbd4 O-O 17. h3 Rfe8 18. Bf1 Bf8 19. Be3 h6 20. Qe2 e5 21. Nf5
Be4 22. Ng3 Bh7 23. Red1 a5 24. Ne1 Rac8 25. Qb5 e4 26. Ne2 Rb8 27. Bf4 Ne5 28.
Qa6 Re6 29. Bxe5 Qxe5 30. Qa7 Bc5 0-1

[Event "LYM - Open Maîtres"]
[Site "Lausanne - Casino de Montbenon"]
[Date "1999.05.14"]
[Round "5"]
[White "Du Bois, Yves"]
[Black "Amidzic, Ogjen"]
[Result "1-0"]
[WhiteElo "2061"]
[BlackElo "2065"]
[PlyCount "43"]
[EventDate "2006.09.01"]
[SourceDate "2006.09.02"]

1. d4 Nf6 2. c4 c5 3. d5 g6 4. Nc3 Bg7 5. e4 d6 6. f4 O-O 7. Nf3 e6 8. Be2 exd5
9. cxd5 Na6 10. O-O Nc7 11. a4 b6 12. Nd2 Rb8 13. Re1 a6 14. Bf3 b5 15. e5 dxe5
16. axb5 axb5 17. Nb3 Nd7 18. Na5 Qh4 19. Nc6 exf4 20. Re4 g5 21. Ne7+ Kh8 22.
Nf5 1-0

[Event "LYM - Open Maîtres"]
[Site "Lausanne - Casino de Montbenon"]
[Date "1999.05.14"]
[Round "5"]
[White "Gallagher, Joseph"]
[Black "Rainfray, Arnaud"]
[Result "1-0"]
[WhiteElo "2519"]
[BlackElo "2322"]
[PlyCount "61"]
[EventDate "2006.09.01"]
[SourceDate "2006.09.02"]

1. e4 e5 2. Nf3 Nc6 3. Bb5 Nf6 4. d3 d6 5. c3 g6 6. Nbd2 Bg7 7. Nf1 h6 8. Ng3
O-O 9. O-O Qe7 10. Re1 Nd8 11. d4 a6 12. Bf1 Nd7 13. a4 c5 14. dxc5 dxc5 15.
Nd2 Nc6 16. Nc4 Rd8 17. Qb3 Nf6 18. Nb6 Be6 19. Qa3 Rab8 20. a5 Bf8 21. Qa4 Qc7
22. Be2 Rd6 23. Nc4 Rd7 24. Be3 Ng4 25. Nb6 Rd6 26. Nd5 Bxd5 27. Bxg4 Be6 28.
Bxe6 fxe6 29. Nf1 Qf7 30. Nd2 g5 31. Nb3 1-0

[Event "LYM - Open Maîtres"]
[Site "Lausanne - Casino de Montbenon"]
[Date "1999.05.14"]
[Round "5"]
[White "Hebden, Mark"]
[Black "Prié, Eric"]
[Result "1-0"]
[WhiteElo "2556"]
[BlackElo "2467"]
[PlyCount "88"]
[EventDate "2006.09.01"]
[SourceDate "2006.09.02"]

1. d4 d5 2. c4 c6 3. Nf3 Nf6 4. e3 Bf5 5. cxd5 cxd5 6. Qb3 Qc7 7. Bd2 e6 8.
Bb5+ Nc6 9. O-O Bd6 10. Bb4 O-O 11. Bxc6 bxc6 12. Nbd2 Bxb4 13. Qxb4 Rab8 14.
Qa3 Qb6 15. b3 Rfc8 16. Rfc1 Nd7 17. Rc3 a5 18. Rac1 c5 19. Qa4 Rc7 20. Nh4 Bg6
21. Nxg6 hxg6 22. e4 Rbc8 23. exd5 exd5 24. dxc5 Nxc5 25. Qd4 Qb4 26. Qxd5 Rd7
27. Qxd7 Nxd7 28. Rxc8+ Kh7 29. Nf3 Qb5 30. h4 f6 31. Re1 g5 32. h5 Ne5 33.
Nxe5 fxe5 34. Rc4 Kh6 35. g4 g6 36. Rd1 Qb6 37. hxg6 Qe6 38. f3 Qb6+ 39. Kg2
Qe3 40. Re4 Qc3 41. Rde1 Kxg6 42. R1e3 Qb2+ 43. Re2 Qc3 44. Rxe5 Qd3 1-0

[Event "LYM - Open Maîtres"]
[Site "Lausanne - Casino de Montbenon"]
[Date "1999.05.14"]
[Round "5"]
[White "Grigore, Georg-Gabriel"]
[Black "Zapolskis, Autonas"]
[Result "0-1"]
[WhiteElo "2528"]
[BlackElo "2358"]
[PlyCount "66"]
[EventDate "2006.09.01"]
[SourceDate "2006.09.02"]

1. d4 d5 2. c4 c6 3. Nc3 e5 4. dxe5 d4 5. Ne4 Qa5+ 6. Bd2 Qxe5 7. Ng3 Nf6 8.
Nf3 Qd6 9. Qc2 c5 10. O-O-O Qa6 11. Kb1 Be6 12. e3 Nc6 13. exd4 cxd4 14. Ng5
Qb6 15. N3e4 O-O-O 16. g3 Nxe4 17. Qxe4 Ba3 18. Bc1 Bd7 19. Nxf7 Rde8 20. Qd3
Rhf8 21. Qxa3 Rxf7 22. c5 Qb4 23. Qxb4 Nxb4 24. Bf4 g5 25. Bc4 Rf5 26. a3 Rxc5
27. axb4 Rxc4 28. Rc1 Bf5+ 29. Ka2 Bc2 30. Bxg5 d3 31. Bd2 Re2 32. Rxc2 dxc2
33. Kb3 b5 0-1